It looks like you're offline.
Open Library logo
additional options menu

MARC Record from Library of Congress

Record ID marc_loc_2016/BooksAll.2016.part21.utf8:116157069:716
Source Library of Congress
Download Link /show-records/marc_loc_2016/BooksAll.2016.part21.utf8:116157069:716?format=raw

LEADER: 00716nam a2200229 a 4500
001 91196529
003 DLC
005 19910919143705.9
008 910918s1990 enk 00010 eng c
010 $a 91196529
020 $a0571161715 :$c£5.99
040 $aMH$cMH
041 1 $aeng$hrus
050 14 $aPG3456.T8$bC85 1990
100 10 $aChekhov, Anton Pavlovich,$d1860-1904.
240 10 $aTri sestry.$lEnglish
245 10 $aThree sisters /$cby Anton Chekhov ; a version by Frank McGuinness from a literal translation by Rose Cullen.
260 0 $aLondon ;$aBoston :$bFaber and Faber,$c1990.
300 $a73 p. ;$c20 cm.
500 $aTranslation of: Tri sestry.
700 10 $aMcGuinness, Frank.
700 10 $aCullen, Rose.